[Event "Memorial Przepiorka"]
[Site "masterchessopen.com – Szczavno Zdroj (Poland)"]
[Round "1"]
[White "Ciocaltea Viktor (ROM)"]
[Black "Doda Zbigniew (POL)"]
[Result "1-0"]
[WhiteElo "2420"]
[BlackElo "2345"]

1.e4 c5 2.Nf3 Nc6 3.d4 cxd4 4.Nxd4 Nf6 5.Nc3 d6 6.Bc4 Bd7 7.Bb3 g6 8.f3 Nxd4
9.Qxd4 Bg7 10.Qf2 O-O 11.Be3 Qa5 12.O-O-O Be6 13.Kb1 Rfd8 14.h4 Bxb3 15.cxb3
e6 16.h5 Nxh5 17.g4 Nf6 18.Qh4 Ne8 19.Qxh7+ Kf8 20.Bh6 Bxh6 21.Qxh6+ Ke7 22.f4
Nf6 23.b4 Qxb4 24.Qg5 Rac8 25.e5 dxe5 26.fxe5 {#r} 1-0

[Event "Tournament (candidates)"]
[Site "masterchessopen.com – Bled (Slovenia)"]
[Round "10"]
[White "Fischer Robert J (USA)"]
[Black "Benko Pal C (USA)"]
[Result "1-0"]
[WhiteElo "2780"]
[BlackElo "2408"]

1.e4 c5 2.Nf3 Nc6 3.d4 cxd4 4.Nxd4 Nf6 5.Nc3 d6 6.Bc4 Qb6 7.Nde2 e6 8.O-O Be7
9.Bb3 O-O 10.Kh1 Na5 11.Bg5 Qc5 { ? } ( { ? } 11...Qc7 ) 12.f4 b5 13.Ng3 b4 (
{ ? } 13...Nxb3 14.axb3 Bb7 ) 14.e5 { ! } 14...dxe5 ( 14...bxc3 15.exf6 Bxf6 (
15...gxf6 16.Bh6 { ± } ) 16.Bxf6 gxf6 17.Ne4 Qf5 18.Nxd6 Qg6 19.Rf3 { +?? } )
15.Bxf6 gxf6 16.Nce4 Qd4 17.Qh5 Nxb3 { ? } ( 17...Bb7 { ? } ) 18.Qh6 { ! }
18...exf4 19.Nh5 f5 20.Rad1 { ! } 20...Qe5 21.Nef6+ Bxf6 22.Nxf6+ Qxf6 23.Qxf6
Nc5 24.Qg5+ Kh8 25.Qe7 Ba6 26.Qxc5 Bxf1 27.Rxf1 {#r} 1-0

[Event "Zt"]
[Site "masterchessopen.com – Halle (Germany)"]
[Round "0"]
[White "Robatsch Karl (AUT)"]
[Black "Westerinen Heikki M J (FIN)"]
[Result "1-0"]
[WhiteElo "2349"]
[BlackElo "2340"]

1.e4 c5 2.Nf3 Nc6 3.d4 cxd4 4.Nxd4 Nf6 5.Nc3 d6 6.Bc4 Bd7 7.O-O g6 8.Nde2 Bg7
9.f3 O-O 10.Be3 Ne5 11.Bb3 Qa5 12.Nf4 Rac8 13.Nfd5 Rfe8 14.Nxf6+ Bxf6 15.Nd5
Bg7 16.Bg5 Nc6 17.c3 Kh8 18.Qd2 Qd8 19.Bh6 e6 20.Bxg7+ Kxg7 21.Ne3 Qb6 22.Kh1
h5 23.Nc4 {#r} 1-0

[Event "Ch Buenos Aires"]
[Site "masterchessopen.com – Buenos Aires (Argentina)"]
[Round "0"]
[White "Farah Rodolfo (ARG)"]
[Black "Behrensen Jorge (ARG)"]
[Result "0-1"]
[WhiteElo "2152"]
[BlackElo "2325"]

1.e4 c5 2.Nf3 Nc6 3.d4 cxd4 4.Nxd4 Nf6 5.Nc3 d6 6.Bc4 Bd7 7.O-O e6 8.Bb3 a6
9.Bg5 Qa5 10.Be3 b5 11.a3 Ne5 12.Qe2 Qc7 13.f4 Neg4 14.f5 d5 15.g3 Bc5 16.fxe6
fxe6 17.Rad1 Nxe3 18.Qxe3 e5 19.exd5 O-O-O {#R} 0-1

[Event "Ch Czechoslovakia"]
[Site "masterchessopen.com – Pardubice (Czech Republic)"]
[Round "14"]
[White "Fichtl Jiri (CZE)"]
[Black "Smejkal Jan (CZE)"]
[Result "0-1"]
[WhiteElo "2213"]
[BlackElo "2504"]

1.e4 c5 2.Nf3 Nc6 3.d4 cxd4 4.Nxd4 Nf6 5.Nc3 d6 6.Bc4 Qb6 7.Nb3 e6 8.Bf4 Ne5
9.Bb5+ Bd7 10.Qe2 a6 11.Bxd7+ Nfxd7 12.Bxe5 dxe5 13.O-O-O Bb4 14.Qf3 Nf6 15.a3
Bxc3 16.Qxc3 Qxf2 17.Rhf1 Qh4 18.Qc5 {#R} 0-1

[Event "?"]
[Site "masterchessopen.com – Polanica Zdroj (Poland)"]
[Round "4"]
[White "Vasiukov Evgeni (RUS)"]
[Black "Pietrusiak Bogdan (SWE)"]
[Result "1-0"]
[WhiteElo "2455"]
[BlackElo "2165"]

1.e4 c5 2.Nf3 Nc6 3.d4 cxd4 4.Nxd4 Nf6 5.Nc3 d6 6.Bc4 Qb6 7.Nxc6 bxc6 8.O-O e5
9.Bg5 Qxb2 10.Qd3 Be7 11.Bxf6 gxf6 12.Bb3 a5 13.Rab1 Qa3 14.Nb5 Qc5 15.Nc7+
Kd8 16.Nxa8 Qa7 17.Bxf7 Qxa8 18.Rb6 Kd7 19.Rfb1 Bd8 20.Rb8 {#r} 1-0

[Event "It (open)"]
[Site "masterchessopen.com – San Juan (USA)"]
[Round "0"]
[White "Hoffmann Asa (USA)"]
[Black "Byrne Robert E (USA)"]
[Result "0-1"]
[WhiteElo "2288"]
[BlackElo "2434"]

1.e4 c5 2.Nf3 Nc6 3.d4 cxd4 4.Nxd4 Nf6 5.Nc3 d6 6.Bc4 Qb6 7.Nde2 e6 8.Bb3 Be7
9.O-O O-O 10.Kh1 Na5 11.Bg5 Qc5 12.f4 b5 13.Ng3 Bb7 14.Nh5 Kh8 15.Rf3 Rae8
16.Rh3 Nxe4 17.Nxe4 Bxe4 18.Bxe7 Rxe7 19.Qe1 Nxb3 20.cxb3 Qc2 21.Qg3 Qxb2
22.Rg1 Rc7 {#R} 0-1

[Event "It"]
[Site "masterchessopen.com – Zinnowitz (Germany)"]
[Round "3"]
[White "Hennings Artur (GER)"]
[Black "Szilagyi Gyorgy (HUN)"]
[Result "0-1"]
[WhiteElo "2260"]
[BlackElo "2370"]

1.e4 c5 2.Nf3 Nc6 3.d4 cxd4 4.Nxd4 Nf6 5.Nc3 d6 6.Bc4 Bd7 7.Be3 Ng4 8.O-O Nxe3
9.fxe3 e6 10.Bb3 Qe7 11.Qe1 g6 12.Ndb5 O-O-O 13.Nd5 exd5 14.Qc3 Qe5 15.Nxa7+
Kb8 16.Nxc6+ Bxc6 17.Qa5 Rd7 18.exd5 Bh6 19.e4 Re7 20.Qb6 Qxe4 21.Kh1 Be3
22.Qa5 Bd7 23.Rae1 Rhe8 24.Qa3 Qe5 25.h3 f5 26.Rxe3 Qxe3 27.Qxd6+ {#R} 0-1

[Event "It \"]
[Site "masterchessopen.com – Beverwijk (Netherlands)"]
[Round "5"]
[White "Bilek Istvan (HUN)"]
[Black "Bachtiar Arovah (INA)"]
[Result "1-0"]
[WhiteElo "2375"]
[BlackElo "2285"]

1.e4 c5 2.Nf3 Nc6 3.d4 cxd4 4.Nxd4 Nf6 5.Nc3 d6 6.Bc4 g6 7.Nxc6 bxc6 8.e5 Nh5
9.Qf3 e6 10.exd6 Qxd6 11.O-O Bb7 12.Rd1 Qc5 13.Qd3 Qe7 14.Bg5 f6 15.Be3 Kf7
16.Qd7 {#r} 1-0

[Event "Ch Hungary"]
[Site "masterchessopen.com – Budapest (Hungary)"]
[Round "0"]
[White "Haag Ervin (HUN)"]
[Black "Szilagyi Gyorgy (HUN)"]
[Result "1-0"]
[WhiteElo "2284"]
[BlackElo "2370"]

1.e4 c5 2.Nf3 Nc6 3.d4 cxd4 4.Nxd4 Nf6 5.Nc3 d6 6.Bc4 Bd7 7.O-O g6 8.Bg5 Bg7
9.Nxc6 bxc6 10.Qd2 Qa5 11.e5 Qxe5 12.Rfe1 Qc5 13.Bxf6 Bxf6 14.Ne4 Qd4 15.Nxd6+
Kf8 16.Qxd4 Bxd4 17.Nxf7 Rg8 18.Rad1 {#r} 1-0

[Event "Memorial Asztalos"]
[Site "masterchessopen.com – Szombathely (Hungary)"]
[Round "9"]
[White "Pelitov Dimitar (BUL)"]
[Black "Paoli Enrico (ITA)"]
[Result "1-0"]
[WhiteElo "2165"]
[BlackElo "2300"]

1.e4 c5 2.Nf3 Nc6 3.d4 cxd4 4.Nxd4 Nf6 5.Nc3 d6 6.Bc4 Bd7 7.Bb3 g6 8.f3 Nxd4
9.Qxd4 Bg7 10.Be3 O-O 11.Qd2 b5 12.h4 a5 13.a4 b4 14.Ne2 Rc8 15.h5 Nxh5 16.g4
Nf6 17.Bh6 Bxh6 18.Qxh6 e6 19.g5 Nh5 20.O-O-O Rc5 21.f4 Qb6 22.f5 Re5 23.Nd4
Rxe4 24.Rxh5 {#r} 1-0

[Event "Ch Denmark"]
[Site "masterchessopen.com – Vejle (Denmark)"]
[Round "6"]
[White "Petersen Finn (DEN)"]
[Black "Jakobsen Ole (DEN)"]
[Result "0-1"]
[WhiteElo "2275"]
[BlackElo "2334"]

1.e4 c5 2.Nf3 d6 3.d4 cxd4 4.Nxd4 Nf6 5.Nc3 Nc6 6.Bc4 Qb6 7.Nde2 e6 8.O-O Be7
9.Bb3 O-O 10.Be3 Qa5 11.Ng3 Rd8 12.h3 d5 13.exd5 exd5 14.Nce2 Ne4 15.c3 Be6
16.Nh5 Bc5 17.Nd4 Qc7 18.Nxg7 Kxg7 19.Nxe6+ fxe6 20.Qg4+ Kh8 21.Qxe6 Qe5
22.Qh6 Rd6 23.Qh4 Bxe3 24.fxe3 Rg8 25.Rf7 Ng5 {#R} 0-1

[Event "It"]
[Site "masterchessopen.com – Zinnowitz (Germany)"]
[Round "0"]
[White "Espig Lutz (GER)"]
[Black "Pietzsch Wolfgang W (GDR)"]
[Result "1-0"]
[WhiteElo "2346"]
[BlackElo "2420"]

1.e4 c5 2.Nf3 Nc6 3.d4 cxd4 4.Nxd4 Nf6 5.Nc3 d6 6.Bc4 Qb6 7.Nde2 e6 8.O-O a6
9.Bb3 Be7 10.Ng3 O-O 11.Be3 Qc7 12.f4 Na5 13.Qe2 b5 14.Rad1 Bb7 15.Bd4 Nxb3
16.axb3 Rac8 17.Rf2 Rfd8 18.Nh5 Nxh5 19.Qxh5 g6 20.Qh3 f5 21.Rd3 Bf8 22.exf5
exf5 23.Re2 Re8 24.Rde3 Qc6 25.Re6 Rxe6 26.Rxe6 Re8 27.Rxg6+ hxg6 {#r} 1-0

[Event "Ch Poland (team)"]
[Site "masterchessopen.com – Wroclaw (Poland)"]
[Round "5"]
[White "Luczak Andrzej (POL)"]
[Black "Pietrusiak Bogdan (SWE)"]
[Result "1-0"]
[WhiteElo "2370"]
[BlackElo "2165"]

1.e4 c5 2.Nf3 Nc6 3.d4 cxd4 4.Nxd4 Nf6 5.Nc3 d6 6.Bc4 Qb6 7.Nb3 e6 8.O-O Be7
9.Kh1 O-O 10.f4 Bd7 11.a3 Rac8 12.Bd3 e5 13.f5 Na5 14.Nd2 Qc5 15.Nd5 Nxd5
16.exd5 Qxd5 17.f6 Bxf6 18.Ne4 Qe6 19.Nxf6+ gxf6 20.Bf5 Qxf5 21.Rxf5 Bxf5
22.Bh6 Bg6 {#r} 1-0

[Event "It"]
[Site "masterchessopen.com – Athens (Greece)"]
[Round "0"]
[White "Ciric Dragoljub M (SRB)"]
[Black "Mihaljcisin Mihajlo (SRB)"]
[Result "1-0"]
[WhiteElo "2276"]
[BlackElo "2280"]

1.e4 c5 2.Nf3 Nc6 3.d4 cxd4 4.Nxd4 Nf6 5.Nc3 d6 6.Bc4 Qb6 7.Nde2 e6 8.O-O Be7
9.Kh1 O-O 10.Bb3 d5 11.exd5 Rd8 12.Nf4 Bb4 13.Nh5 Bxc3 14.bxc3 Nxh5 15.Qxh5
exd5 16.Bxd5 g6 17.Bxf7+ Kxf7 18.Qxh7+ Kf6 19.Bh6 {#r} 1-0

[Event "It"]
[Site "masterchessopen.com – Reggio Emilia (Italy)"]
[Round "0"]
[White "Jahr Ulrich Dr Dr (GER)"]
[Black "Saidy Anthony F (USA)"]
[Result "0-1"]
[WhiteElo "2145"]
[BlackElo "2336"]

1.e4 c5 2.Nf3 Nc6 3.d4 cxd4 4.Nxd4 Nf6 5.Nc3 d6 6.Bc4 Qb6 7.Nde2 e6 8.O-O Be7
9.Bb3 O-O 10.Bg5 Na5 11.Kh1 Qc5 12.f4 b5 13.Ng3 Bb7 14.Nh5 Kh8 15.a3 Rae8
16.Qe2 Nxh5 17.Qxh5 f6 18.Bxe6 g6 19.Qh6 fxg5 20.Rf3 Qd4 21.b4 Rxf4 22.Qh3
Rxf3 23.Qxf3 Bf6 {#R} 0-1

[Event "Ch Yugoslavia"]
[Site "masterchessopen.com – Novi Travnik (Yugoslavia)"]
[Round "6"]
[White "Planinec Albin (SLO)"]
[Black "Masic Ljubomir (SCG)"]
[Result "1-0"]
[WhiteElo "2415"]
[BlackElo "2254"]

1.e4 c5 2.Nf3 d6 3.d4 cxd4 4.Nxd4 Nf6 5.Nc3 Nc6 6.Bc4 Bd7 7.f4 Rc8 8.Bb3 Qa5
9.Nxc6 bxc6 10.Qe2 d5 11.Bd2 dxe4 12.Nxe4 Qc7 13.Nxf6+ gxf6 14.Qh5 e6 15.O-O
c5 16.Bc4 Bg7 17.Bc3 Kf8 18.f5 Re8 19.Rae1 Qb6 20.fxe6 fxe6 21.Rxf6+ Bxf6
22.Bxf6 h6 23.Bxh8 {#r} 1-0

[Event "?"]
[Site "masterchessopen.com – Reggio Emilia (Italy)"]
[Round "0"]
[White "Mista Ladislav (CZE)"]
[Black "Paoli Enrico (ITA)"]
[Result "1-0"]
[WhiteElo "2158"]
[BlackElo "2300"]

1.e4 c5 2.Nf3 Nc6 3.d4 cxd4 4.Nxd4 Nf6 5.Nc3 d6 6.Bc4 Qb6 7.Bb5 a6 8.Ba4 Bd7
9.Be3 Qc7 10.O-O e6 11.f4 b5 12.Bb3 b4 13.Na4 Nxe4 14.f5 Nxd4 15.Qxd4 d5
16.fxe6 fxe6 17.Nb6 Rb8 18.Nxd5 exd5 19.Qxd5 Nd6 20.Bg5 Be7 21.Rae1 Nc8
22.Bxe7 Nxe7 23.Rf7 {#r} 1-0

[Event "Ch World (team) (under 26) (final A)"]
[Site "masterchessopen.com – Dresden (Germany)"]
[Date "1969.08.12"]
[Round "5"]
[White "Tarjan James E (USA)"]
[Black "Ljubojevic Ljubomir (SRB)"]
[Result "0-1"]
[WhiteElo "2525"]
[BlackElo "2571"]

1.e4 c5 2.Nf3 d6 3.Nc3 Nc6 4.d4 cxd4 5.Nxd4 Nf6 6.Bc4 Bd7 7.Bb3 e6 8.Be3 Qa5
9.O-O Nxd4 10.Bxd4 Bc6 11.Bxf6 gxf6 12.f4 f5 13.Qh5 Qc5+ 14.Kh1 fxe4 15.f5
O-O-O 16.Qxf7 d5 17.fxe6 Be7 18.h3 Rhg8 19.Rad1 e3 20.Nxd5 e2 21.Nxe7+ Qxe7
22.Rxd8+ Qxd8 23.e7 Bxg2+ 24.Kh2 exf1=N+ 25.Kg1 Qd4+ 26.Qf2 Bd5+ 27.Kxf1 Qd1+
{#R} 0-1

[Event "Ch Ukraine"]
[Site "masterchessopen.com – Kiev (Ukraine)"]
[Round "0"]
[White "Platonov Igor V (RUS)"]
[Black "Kuzmin Gennadi P (UKR)"]
[Result "0-1"]
[WhiteElo "2430"]
[BlackElo "2417"]

1.e4 c5 2.Nf3 d6 3.d4 cxd4 4.Nxd4 Nf6 5.Nc3 Nc6 6.Bc4 e5 7.Nf5 Be6 8.Bb3 Qd7
9.Bg5 Nxe4 10.Nxg7+ Bxg7 11.Nxe4 Bxb3 12.Nxd6+ ( 12.axb3 d5 13.Nf6+ Bxf6
14.Bxf6 Rg8 ) 12...Kf8 13.axb3 Nd4 14.c3 ( 14.Nc4 { ?! } 14...Qf5 ) ( 14.Ne4 {
?! } 14...Qc6 ) 14...Qxd6 15.cxd4 Qg6 { ! } 16.Qd2 h6 17.Qb4+ Kg8 18.Qxb7 Re8
19.Be7 Qe6 20.Rxa7 exd4+ 21.Kd2 Be5 22.Re1 Qf5 23.Qf3 { ? } ( 23.Qe4 Qxf2+ { ?
} ) 23...Bf4+ 24.Kd1 Rc8 { ! } {#R} 0-1

[Event "Olympiad"]
[Site "masterchessopen.com – Siegen (Germany)"]
[Round "16"]
[White "Loheac-Amoun F (LIB)"]
[Black "Adhami Vangjel (ALB)"]
[Result "0-1"]
[WhiteElo "2230"]
[BlackElo "2272"]

1.e4 c5 2.Nf3 Nc6 3.Nc3 d6 4.d4 cxd4 5.Nxd4 Nf6 6.Bc4 Bd7 7.Bb3 Rc8 8.O-O a6
9.Kh1 e6 10.f4 Be7 11.f5 Nxd4 12.Qxd4 e5 13.Qd3 Bc6 14.Qg3 O-O 15.Bh6 Ne8
16.Rf3 Kh8 17.Be3 Nf6 18.Bd5 Bxd5 19.exd5 Rc4 20.Raf1 Qa5 21.Rd1 Rfc8 22.Bc1
b5 23.a3 Bd8 24.Rf2 Rxc3 {#R} 0-1

[Event "It"]
[Site "masterchessopen.com – Baja (Romania)"]
[Round "0"]
[White "Ciocaltea Viktor (ROM)"]
[Black "Masic Ljubomir (SCG)"]
[Result "1-0"]
[WhiteElo "2460"]
[BlackElo "2410"]

1.e4 c5 2.Nf3 d6 3.d4 cxd4 4.Nxd4 Nf6 5.Nc3 Nc6 6.Bc4 Qb6 7.Nb3 e6 8.Be3 Qc7
9.f4 a6 10.Bd3 b5 11.Qf3 Bb7 12.O-O Be7 13.Rae1 Nb4 14.Qh3 e5 15.a3 Nxd3
16.cxd3 Rc8 17.Qg3 exf4 18.Qxf4 O-O 19.Nd4 g6 20.Nf5 Nh5 21.Nh6+ Kg7 22.Qxf7+
Rxf7 23.Rxf7+ Kh8 24.Bd4+ Bf6 25.Rxf6 Qg7 26.Rxd6 {#r} 1-0

[Event "Ch Manhattan Chess Club"]
[Site "masterchessopen.com – New York (USA)"]
[Round "0"]
[White "Fischer Robert J (USA)"]
[Black "Byrne Robert E (USA)"]
[Result "1-0"]
[WhiteElo "2760"]
[BlackElo "2510"]

1.e4 c5 2.Nf3 Nc6 3.Nc3 d6 4.d4 cxd4 5.Nxd4 Nf6 6.Bc4 Qb6 7.Nxc6 bxc6 8.O-O e6
9.Bf4 Qxb2 10.Qd3 Qb4 11.Rab1 Qc5 12.Rfd1 e5 13.Bg5 Be7 14.Bxf6 gxf6 15.Ne2
Be6 16.Bxe6 fxe6 17.Rb7 Kf7 18.Rdb1 d5 19.Ng3 h5 20.h4 a5 21.Qf3 Kg6 22.R1b3
a4 23.Rc3 Qd6 24.Nxh5 f5 25.exf5+ exf5 26.Rxe7 {#r} 1-0

[Event "Ch Poland"]
[Site "masterchessopen.com – Poznan (Poland)"]
[Date "1971.02.22"]
[Round "8"]
[White "Grabczewski Romuald (POL)"]
[Black "Pietrusiak Bogdan (SWE)"]
[Result "0-1"]
[WhiteElo "2370"]
[BlackElo "2270"]

1.e4 c5 2.Nf3 Nc6 3.d4 cxd4 4.Nxd4 Nf6 5.Nc3 d6 6.Bc4 Qb6 7.Nb3 e6 8.O-O a6
9.Bd3 Be7 10.Be3 Qc7 11.f4 b5 12.a3 Bb7 13.h3 O-O-O 14.Qe1 h5 15.Qf2 Rdg8
16.a4 b4 17.Na2 g5 18.fxg5 Nd7 19.Qxf7 Ba8 20.Bf2 Nde5 21.Qxe6+ {#R} 0-1

[Event "Ch Europe (juniors) (under 20) (final A)"]
[Site "masterchessopen.com – Groningen (Netherlands)"]
[Round "3"]
[White "Romanishin Oleg M (UKR)"]
[Black "Martin Gonzalez Angel (ESP)"]
[Result "1-0"]
[WhiteElo "2440"]
[BlackElo "2316"]

1.e4 c5 2.Nf3 d6 3.Nc3 Nc6 4.d4 cxd4 5.Nxd4 Nf6 6.Bc4 Bd7 7.O-O g6 8.Nxc6 bxc6
9.f4 Be6 10.Bxe6 fxe6 11.Qf3 Qd7 12.e5 Nd5 13.Ne4 Bg7 14.Qh3 Nc7 15.Be3 O-O
16.Rad1 d5 17.Ng5 h6 18.Nf3 Kh7 19.Nh4 Rg8 20.Rf3 Bf8 21.Rg3 Qe8 22.Nf3 Kg7
23.f5 Kh7 24.Ng5+ Kh8 {#r} 1-0

[Event "It"]
[Site "masterchessopen.com – Sombor (Yugoslavia)"]
[Round "0"]
[White "Velimirovic Dragoljub (SRB)"]
[Black "Csom Istvan (HUN)"]
[Result "1-0"]
[WhiteElo "2500"]
[BlackElo "2485"]

1.e4 c5 2.Nf3 d6 3.d4 cxd4 4.Nxd4 Nf6 5.Nc3 Nc6 6.Bc4 Qb6 7.Ndb5 Bg4 8.f3 Bd7
9.Qe2 a6 10.Be3 Qa5 11.Nd4 b5 12.Bb3 e6 13.O-O-O Be7 14.a3 O-O 15.g4 Rfc8
16.g5 Ne8 17.Kb1 b4 18.axb4 Nxb4 19.f4 Rab8 20.Qe1 Bf8 21.f5 Nxc2 22.Kxc2 e5
23.g6 exd4 24.Bxf7+ Kh8 25.Bxd4 Qb4 26.Qh4 Qxb2+ 27.Kd3 {#r} 1-0

[Event "Ch Sweden"]
[Site "masterchessopen.com – Sweden"]
[Round "0"]
[White "Ornstein Axel (SWE)"]
[Black "Sperber Goran"]
[Result "1-0"]
[WhiteElo "2413"]
[BlackElo "2200"]

1.e4 c5 2.Nf3 Nc6 3.d4 cxd4 4.Nxd4 Nf6 5.Nc3 d6 6.Bc4 Qb6 7.Nb3 e6 8.O-O Be7
9.Be3 Qc7 10.f4 b6 11.Bd3 Bb7 12.Qf3 Rd8 13.a3 Qc8 14.Rae1 O-O 15.Bf2 h6
16.Qh3 e5 17.f5 d5 18.exd5 Nxd5 19.Nxd5 Rxd5 20.Be3 Rd6 21.Rf3 Re8 22.Rg3 Kh8
23.Nd2 Qd8 24.Ne4 Rxd3 25.cxd3 Bh4 26.f6 {#r} 1-0

[Event "It"]
[Site "masterchessopen.com – Canterbury (New Zealand)"]
[Round "2"]
[White "Mestel A Jonathan (ENG)"]
[Black "Wright Daniel (ENG)"]
[Result "1-0"]
[WhiteElo "2270"]
[BlackElo "2235"]

1.e4 c5 2.Nf3 d6 3.Nc3 Nf6 4.Bc4 Nc6 5.d4 cxd4 6.Nxd4 Bd7 7.Bb3 g6 8.Bg5 Bg7
9.Qd2 Nxd4 10.Qxd4 O-O 11.O-O-O Bc6 12.Qe3 Qc7 13.h4 b5 14.h5 Nxh5 15.Bh6 Qb6
16.Qg5 Bxh6 17.Qxh6 Qxf2 18.Bd5 b4 19.Rdf1 Qc5 20.Rxh5 gxh5 21.Rf5 {#r} 1-0

[Event "Ch DDR"]
[Site "masterchessopen.com – Erfurt (Germany)"]
[Round "9"]
[White "Packroff Hermann (GER)"]
[Black "Walter Guenter (GER)"]
[Result "1-0"]
[WhiteElo "2187"]
[BlackElo "1983"]

1.e4 c5 2.Nf3 Nc6 3.d4 cxd4 4.Nxd4 Nf6 5.Nc3 d6 6.Bc4 Bd7 7.Bb3 g6 8.f3 Nxd4
9.Qxd4 Bg7 10.Be3 O-O 11.Qd2 Re8 12.Bh6 b5 13.h4 Bc6 14.h5 e6 15.O-O-O Bxh6
16.Qxh6 Qe7 17.Ne2 a5 18.hxg6 a4 19.Nd4 fxg6 20.Bxe6+ Kh8 21.Qxg6 a3 22.b3 Rf8
23.Nxc6 Qxe6 24.Rxh7+ {#r} 1-0

[Event "Ch Europe (juniors)"]
[Site "masterchessopen.com – Groningen (Netherlands)"]
[Round "1"]
[White "Oney Feridun (TUR)"]
[Black "Makarichev Sergey (RUS)"]
[Result "0-1"]
[WhiteElo "2250"]
[BlackElo "2390"]

1.e4 c5 2.Nf3 Nc6 3.d4 cxd4 4.Nxd4 Nf6 5.Nc3 d6 6.Bc4 Bd7 7.Bg5 Qa5 8.Bxf6
gxf6 9.Nb3 Qg5 10.Qd5 e6 11.Qxg5 fxg5 12.Nb5 Rc8 13.Bd3 Nb4 14.Nc3 Bg7 15.Kd2
Ke7 16.Nd1 Rhd8 17.a3 Nxd3 18.cxd3 Ba4 19.Nc1 Rc2+ 20.Ke3 d5 21.Re1 dxe4
22.dxe4 g4 23.Ne2 Bb5 24.Ndc3 Bxc3 25.Nxc3 Rd3+ 26.Kf4 Rxf2+ 27.Kg5 Bc6 {#R}
0-1

[Event "It \"]
[Site "masterchessopen.com – USA"]
[Round "3"]
[White "Tomas Batet Joan (ESP)"]
[Black "Weinstein Norman (USA)"]
[Result "0-1"]
[WhiteElo "1928"]
[BlackElo "2450"]

1.e4 c5 2.Nf3 Nc6 3.d4 cxd4 4.Nxd4 Nf6 5.Nc3 d6 6.Bc4 Qb6 7.Nb3 e6 8.O-O Be7
9.Be3 Qc7 10.Bd3 a6 11.f4 b5 12.Qe2 Bb7 13.Rae1 O-O 14.a4 b4 15.Nb1 e5 16.fxe5
Nxe5 17.N1d2 Rfe8 18.Bd4 d5 19.exd5 Neg4 20.Nf3 Bd6 21.Qd2 Bxh2+ 22.Kh1 Nh5
{#R} 0-1

[Event "Ch Bulgaria"]
[Site "masterchessopen.com – Sofia (Bulgaria)"]
[Date "1973.02.09"]
[Round "8"]
[White "Prodanov Dimitar (BUL)"]
[Black "Bonchev Stoiko (BUL)"]
[Result "1-0"]
[WhiteElo "2325"]
[BlackElo "2220"]

1.e4 c5 2.Nf3 Nc6 3.d4 cxd4 4.Nxd4 Nf6 5.Nc3 d6 6.Bc4 Bd7 7.O-O g6 8.Bg5 Bg7
9.Nxc6 bxc6 10.Re1 Ng4 11.Bb3 Ne5 12.Qd2 Be6 13.Bh6 O-O 14.Bxg7 Kxg7 15.f4
Qb6+ 16.Kh1 Nd7 17.Rf1 Rad8 18.Rf3 d5 19.f5 Nf6 20.Rh3 Ng4 21.Rf1 dxe4 22.Qg5
Bxb3 23.Qxg4 Bxc2 24.Qg5 h5 25.Rxh5 Qa6 26.f6+ {#r} 1-0

[Event "It"]
[Site "masterchessopen.com – Oslo (Norway)"]
[Round "10"]
[White "Vinje-Gulbrandsen Arne (NOR)"]
[Black "Johannessen Svein (NOR)"]
[Result "1-0"]
[WhiteElo "2335"]
[BlackElo "2400"]

1.e4 c5 2.Nf3 Nc6 3.d4 cxd4 4.Nxd4 Nf6 5.Nc3 d6 6.Bc4 Bd7 7.Bb3 a5 8.a4 g6
9.Ndb5 Bg7 10.O-O O-O 11.Qe2 Be6 12.Bg5 Rc8 13.Nd5 Bxd5 14.Bxd5 Nb4 15.Bb3 Na6
16.c3 h6 17.Bh4 Qb6 18.Kh1 Nc5 19.Bc2 e5 20.Rad1 Rcd8 21.Rd2 Qc6 22.f3 d5
23.Rfd1 g5 24.Bf2 Rfe8 25.exd5 {#r} 1-0

[Event "Izt (w)"]
[Site "masterchessopen.com – Roosendaal (Netherlands)"]
[Date "1976.12.13"]
[Round "12"]
[White "Veroci Zsuzsa (HUN)"]
[Black "Gramignani Rita (ITA)"]
[Result "1-0"]
[WhiteElo "2253"]
[BlackElo "2025"]

1.e4 c5 2.Nf3 Nc6 3.d4 cxd4 4.Nxd4 Nf6 5.Nc3 d6 6.Bc4 Qb6 7.Nxc6 bxc6 8.O-O e5
9.Qd3 Be7 10.Be3 Qc7 11.f4 exf4 12.Bxf4 O-O 13.Rad1 Rd8 14.Kh1 Be6 15.Bxe6
fxe6 16.Qc4 Qc8 17.e5 Nd5 18.exd6 Bxd6 19.Bxd6 Rxd6 20.Ne4 Rd8 21.Qc5 Qc7
22.c4 Nf6 23.Nxf6+ gxf6 24.Rde1 Qf7 25.Qxc6 e5 26.Rxf6 {#r} 1-0

[Event "It (open)"]
[Site "masterchessopen.com – Hamburg (Germany)"]
[Round "6"]
[White "Stean Michael F (ENG)"]
[Black "Gergs Wolfgang"]
[Result "1-0"]
[WhiteElo "2485"]
[BlackElo "2220"]

1.e4 c5 2.Nf3 Nc6 3.d4 cxd4 4.Nxd4 Nf6 5.Nc3 d6 6.Bc4 Qa5 7.O-O Qb4 8.Bb5 Bd7
9.Nb3 d5 10.exd5 Ne5 11.Bxd7+ Nexd7 12.Qf3 O-O-O 13.Bf4 Qb6 14.Rad1 {#r} 1-0

[Event "?"]
[Site "masterchessopen.com – Zhilina (Poland)"]
[Round "0"]
[White "Antonov Vladimir (BUL)"]
[Black "Banas Jan (SVK)"]
[Result "0-1"]
[WhiteElo "2338"]
[BlackElo "2355"]

1.e4 c5 2.Nf3 Nc6 3.d4 cxd4 4.Nxd4 Nf6 5.Nc3 d6 6.Bc4 Qb6 7.Ndb5 a6 8.Be3 Qa5
9.Nd4 Ng4 10.Nxc6 bxc6 11.Bd2 g6 12.h3 Ne5 13.Bb3 Bg7 14.O-O O-O 15.Qe1 Rb8
16.Nd5 Qd8 17.Ba5 Qd7 18.Ne3 Nf3+ 19.gxf3 Qxh3 20.f4 Rb5 21.e5 Bxe5 22.fxe5
Rxe5 {#R} 0-1

[Event "It \"]
[Site "masterchessopen.com – Manila (Philippines)"]
[Date "1977.11.02"]
[Round "10"]
[White "Chandler Murray G (ENG)"]
[Black "Tarjan James E (USA)"]
[Result "1-0"]
[WhiteElo "2518"]
[BlackElo "2495"]

1.e4 c5 2.Nf3 d6 3.d4 cxd4 4.Nxd4 Nf6 5.Nc3 Nc6 6.Bc4 Qb6 7.Nb3 e6 8.O-O Be7
9.Be3 Qc7 10.f4 a6 11.a4 b6 12.Bd3 Bb7 13.Qf3 Nb4 14.Qg3 O-O 15.f5 Kh8 16.fxe6
fxe6 17.Nd4 Bc8 18.Rf3 Bd7 19.Raf1 Ng8 20.Rf7 Rxf7 21.Rxf7 Bf6 22.Nxe6 Qc6
23.Bd4 {#r} 1-0

[Event "Tournament"]
[Site "masterchessopen.com – Alma-Ata (Kazakhstan)"]
[Round "0"]
[White "Noskov Anatolij (KAZ)"]
[Black "Dzuban Oleg I (KAZ)"]
[Result "0-1"]
[WhiteElo "2246"]
[BlackElo "2362"]

1.e4 c5 2.Nf3 d6 3.d4 cxd4 4.Nxd4 Nf6 5.Nc3 Nc6 6.Bc4 Bd7 7.O-O Rc8 8.Bb3 g6
9.Be3 Bg7 10.h3 Na5 11.f4 Rxc3 12.bxc3 Nxe4 13.f5 gxf5 14.Nxf5 Bxf5 15.Rxf5
Nxb3 16.axb3 Nxc3 17.Qe1 Ne2+ 18.Kh2 Qc8 19.Rg5 Bxa1 20.Qxa1 f6 21.Rg7 h5
22.c4 Qf5 23.Qb2 Qd3 24.Bf2 Kf8 25.Rg5 Qe4 26.Bg3 Qe3 27.h4 {#R} 0-1